| 000 | 00968nam0a22002531 4500 | ||
|---|---|---|---|
| 001 | rc\261987 | ||
| 005 | 20250620235317.0 | ||
| 010 |
_a5-239-01229-6 _bМоск. рабочий _950000 |
||
| 035 | _a(NLR Aleph) 005466058 | ||
| 090 |
_a5001376 _c5001376 |
||
| 100 | _a20030307d1993 |||y0rusy50 ca | ||
| 101 | 0 | _arus | |
| 102 | _aRU | ||
| 105 | _aa ||||||||| | ||
| 200 | 1 |
_aМемуары графа де Грамона _e[Роман] _fАнтуан Гамильтон _g[Пер. с фр. М. Архангельской _gСост., вступ. ст. и коммент. А.Д. Михайлова _gХудож. А. Данилин] |
|
| 210 |
_aМ. _cМоск. рабочий _cСлог _d1993 |
||
| 215 |
_a223, [1] с. _cил. _d20 |
||
| 700 | 1 |
_7ca _8rus _aГамильтон _bА. _f1646-1720 _gАнтуан _9162802 _3RU\NLR\AUTH\770162846 |
|
| 801 | 0 |
_aRU _bNLR _gpsbo |
|
| 801 | 1 |
_aRU _bELAR _2rusmarc |
|
| 852 |
_aNLR _j93-3/4431 |
||
| 942 | _cBOOK | ||
| 980 | _aNB | ||